Camilo Torres : (Registro nro. 3597)
[ vista simple ]
| 000 -LEADER | |
|---|---|
| fixed length control field | 00705nam a2200205Ia 4500 |
| 003 - CONTROL NUMBER IDENTIFIER | |
| control field | OSt |
| 005 - DATE AND TIME OF LATEST TRANSACTION | |
| control field | 20200925151054.0 |
| 008 - FIXED-LENGTH DATA ELEMENTS--GENERAL INFORMATION | |
| fixed length control field | 191128t1975 ck ao gr 000 0 spa d |
| 040 ## - CATALOGING SOURCE | |
| Original cataloging agency | CO-JMCR |
| Transcribing agency | CO-JMCR |
| 041 0# - LANGUAGE CODE | |
| Language code of text/sound track or separate title | spa |
| 082 04 - DEWEY DECIMAL CLASSIFICATION NUMBER | |
| Classification number | 922.286 / |
| Item number | B864c |
| Edition number | 23 |
| 100 1# - MAIN ENTRY--PERSONAL NAME | |
| Personal name | Broderick, Walter Joe, |
| Relator term | autor |
| 9 (RLIN) | 10872 |
| 245 10 - TITLE STATEMENT | |
| Title | Camilo Torres : |
| Remainder of title | el cura guerrillero / |
| Statement of responsibility, etc. | Walter J. Broderick |
| 260 ## - PUBLICATION, DISTRIBUTION, ETC. | |
| Place of publication, distribution, etc. | Bogotá : |
| Name of publisher, distributor, etc. | Círculo de Lectores, |
| Date of publication, distribution, etc. | ©1975 |
| 300 ## - PHYSICAL DESCRIPTION | |
| Extent | 431 páginas : |
| Other physical details | fotografías a blanco y negro ; |
| Dimensions | 20 cm. |
| 600 1# - SUBJECT ADDED ENTRY--PERSONAL NAME | |
| Personal name | Torres Restrepo, Camilo, |
| Form subdivision | biografías |
| Chronological subdivision | 1929-1966 |
| 9 (RLIN) | 10873 |
| 650 14 - SUBJECT ADDED ENTRY--TOPICAL TERM | |
| Topical term or geographic name entry element | Guerrillas |
| General subdivision | historia |
| Geographic subdivision | Colombia |
| 9 (RLIN) | 10874 |
| 650 14 - SUBJECT ADDED ENTRY--TOPICAL TERM | |
| Topical term or geographic name entry element | Sacerdote; |
| Geographic subdivision | Colombia |
| 9 (RLIN) | 10875 |
| 942 ## - ADDED ENTRY ELEMENTS (KOHA) | |
| Source of classification or shelving scheme | Dewey Decimal Classification |
| Koha item type | Books |
| Withdrawn status | Lost status | Source of classification or shelving scheme | Damaged status | Not for loan | Collection code | Home library | Current library | Date acquired | Source of acquisition | Full call number | Barcode | Date last seen | Copy number | Koha item type |
|---|---|---|---|---|---|---|---|---|---|---|---|---|---|---|
| Dewey Decimal Classification | Non-fiction | Biblioteca Pública José María del Castillo y Rada | Biblioteca Pública José María del Castillo y Rada | 07/03/2018 | Donación | 922.286 / B864c | 201811430 | 05/16/2024 | Ej.1 | Books |